Business Mathmatics (Record no. 186)
[ view plain ]
| 000 -LEADER | |
|---|---|
| fixed length control field | 00760nam a22002777a 4500 |
| 008 - FIXED-LENGTH DATA ELEMENTS--GENERAL INFORMATION | |
| fixed length control field | 130423b xxu||||| |||| 00| 0 eng d |
| 020 ## - INTERNATIONAL STANDARD BOOK NUMBER | |
| International Standard Book Number | 978-81-8054-538-2 |
| 024 ## - OTHER STANDARD IDENTIFIER | |
| Terms of availability | available |
| 037 ## - SOURCE OF ACQUISITION | |
| Terms of availability | available |
| 040 ## - CATALOGING SOURCE | |
| Original cataloging agency | mbstu library |
| Modifying agency | mbstu library |
| 082 ## - DEWEY DECIMAL CLASSIFICATION NUMBER | |
| Edition number | 22 |
| Classification number | 650.513 SAB |
| 100 ## - MAIN ENTRY--PERSONAL NAME | |
| Personal name | Sancheti, D.C |
| 110 ## - MAIN ENTRY--CORPORATE NAME | |
| Corporate name or jurisdiction name as entry element | V K Kapoor |
| 245 ## - TITLE STATEMENT | |
| Title | Business Mathmatics |
| 250 ## - EDITION STATEMENT | |
| Edition statement | 11 th edition |
| 260 ## - PUBLICATION, DISTRIBUTION, ETC. (IMPRINT) | |
| Place of publication, distribution, etc. | New Delhi |
| Name of publisher, distributor, etc. | Sultan Chand and Sons. |
| Date of publication, distribution, etc. | 2009 |
| 300 ## - PHYSICAL DESCRIPTION | |
| Extent | 21.7 cm |
| Other physical details | 856 page |
| Type of unit | 5 |
| Size of unit | 21.7 cm |
| 600 ## - SUBJECT ADDED ENTRY--PERSONAL NAME | |
| Personal name | Business Arithmatic |
| 650 ## - SUBJECT ADDED ENTRY--TOPICAL TERM | |
| Source of heading or term | Business Arithmatic |
| 700 ## - ADDED ENTRY--PERSONAL NAME | |
| Personal name | Sancheti, D C |
| 710 ## - ADDED ENTRY--CORPORATE NAME | |
| Corporate name or jurisdiction name as entry element | Kapoor V K |
| 270 ## - ADDRESS | |
| Address | New Delhi, India |
| City | New Delhi |
| Country | India |
| 365 ## - TRADE PRICE | |
| Price amount | 355.00 |
| Unit of pricing | 355.00 |
| 942 ## - ADDED ENTRY ELEMENTS (KOHA) | |
| Source of classification or shelving scheme | |
| Koha item type | Books |
No items available.
